Alterazioni : introduzione alle sociologie delle omosessualità /

সংরক্ষণ করুন:
গ্রন্থ-পঞ্জীর বিবরন
অন্যান্য লেখক: Rinaldi, Cirus (সম্পাদক)
বিন্যাস: গ্রন্থ
ভাষা:ইতালিয়
প্রকাশিত: Milano ; Udine : Mimesis, 2012
মালা:Mimesis. LGBT ; 9
বিষয়গুলি:
ট্যাগগুলো: ট্যাগ যুক্ত করুন
কোনো ট্যাগ নেই, প্রথমজন হিসাবে ট্যাগ করুন!

MARC

LEADER 00000nam a22000007i 4500
001 IT\ICCU\RT1\0018779
003 ItRI
005 20260115232113.0
008 120806s2012 it |||||| ||||| |||||c
020 |a 9788857507880 
040 |b ita  |c importazione bologna sebina 
041 7 |a ita  |2 ISO-639-2 
245 0 0 |a Alterazioni :  |b introduzione alle sociologie delle omosessualità /  |c a cura di Cirus Rinaldi. 
260 |a Milano ;  |a Udine :  |b Mimesis,  |c 2012 
300 |a 423 p. ;  |c 21 cm 
650 7 |a Omosessualità 
700 1 |a Rinaldi, Cirus  |0 IT\ICCU\UBOV\888497  |4 edt 
830 0 |a Mimesis. LGBT ;  |v 9  |0 IT\ICCU\UBO\3672838 
942 |2 ddc  |c BK  |n 0 
952 |0 0  |1 0  |4 0  |6 DOC_306_766000000000000_RIN  |7 0  |9 20113  |a BO  |b BO  |d 2026-01-15  |i 16795  |l 0  |o DOC 306.766 RIN  |p BO16795  |r 2026-01-15 23:21:13  |w 2026-01-15  |x [Sebina 5] [1 v.]  |y BK  |z 1 v. 
999 |c 17149  |d 17149